[Event "Deutscher Jugend Online Cup 2020"]
[Site "Tornelo"]
[Date "2020.11.14"]
[Round "1.2"]
[White "Hagner, Bennet"]
[Black "Kempe, Caius Emilian"]
[Result "0-1"]
[WhiteElo "2084"]
[BlackElo "1865"]
[Annotator "TA"]
[PlyCount "38"]
[EventDate "2020.11.13"]
[EventType "k.o."]
[SourceTitle "playchess.com"]
[Source "ChessBase"]
[SourceQuality "1"]

{[%evp 15,37,9,9,-120,-79,-82,-64,-66,-18,-40,29,23,73,56,74,-89,0,-6,40,-44,-47,-927,-909,-29999]} 1. e4 e6 2. d4 d5 3. Nc3 Nf6 4. e5 Nfd7 5. f4 c5 6. Be3 Nc6 7. Nf3 Be7 8. Qd2 O-O 9. g4 {C11: French: Classical System: 4 e5 and 4 Bg5 dxe4.} (9. dxc5 $11 Nxc5 10. a3) 9... cxd4 10. Nxd4 {[#]} Bh4+ $146 ({Predecessor:} 10... Nxd4 11. Bxd4 a6 12. f5 exf5 13. gxf5 f6 14. e6 Ne5 15. Be2 b5 {1-0 (30) Malween,D (1200)-Cavaille,C (1008) FICGS email 2011}) 11. Bf2 {Black is slightly better.} Bxf2+ 12. Qxf2 Qb6 (12... Nxd4 $15 13. Qxd4 Qh4+ 14. Qf2 Qxg4) 13. O-O-O $11 Nc5 14. Kb1 Bd7 15. Nxc6 $2 (15. h4 $16 {and life is bright.}) 15... Bxc6 $40 {[%mdl 128] White needs to defend precisely.} ({Better is} 15... bxc6 $17 16. Qd4 Rfb8) 16. Qd4 Rad8 17. f5 (17. Bg2 $14) 17... Ne4 $15 {[#] White must now prevent ...Nxc3+.} 18. Nxe4 $4 {[%mdl 8192]} (18. Qxb6 $15 axb6 19. Rg1) 18... dxe4 $19 19. Qxb6 Rxd1# {Weighted Error Value: White=1.61/Black=0.42} ({Less strong is} 19... axb6 20. Be2 $17) 0-1

[Event "Deutscher Jugend Online Cup 2020"]
[Site "Tornelo"]
[Date "2020.11.14"]
[Round "1.2"]
[White "Bildat, Emilia"]
[Black "Sereda, Yaroslava"]
[Result "1-0"]
[WhiteElo "1852"]
[BlackElo "1750"]
[Annotator "NA RC"]
[PlyCount "111"]
[EventDate "2020.11.13"]
[EventType "k.o."]
[SourceTitle "playchess.com"]
[Source "ChessBase"]
[SourceQuality "1"]
[TimeControl "600+3"]

1. c4 {[%emt 0:00:00]} Nf6 {[%emt 0:00:06]} 2. g3 {[%emt 0:00:04]} c6 {[%emt 0:00:05]} 3. Bg2 {[%emt 0:00:05]} d5 {[%emt 0:00:07]} 4. Nf3 {[%emt 0:00:20]} g6 {[%emt 0:00:33]} 5. O-O {[%emt 0:00:19]} Bg7 {[%emt 0:00:07]} 6. d3 {[%emt 0:00:24]} O-O {[%emt 0:00:09]} 7. Nbd2 {[%emt 0:00:16] 7.Nc3 injects fresh life into this line.} Nbd7 {[%emt 0:01:53]} 8. Rb1 {[%emt 0:00:15]} e5 {[%emt 0:00:54]} 9. b3 {[%emt 0:01:33]} Re8 {[%emt 0:00:30]} 10. Bb2 {[%emt 0:00:18]} a5 {[%emt 0:00:18] [#]} 11. Re1 $146 {[%emt 0:00:48]} ({Predecessor:} 11. cxd5 Nxd5 12. a3 Nf8 13. Qc2 Bg4 14. h3 Bxf3 15. Nxf3 Qe7 16. Nd2 Nc7 17. Nc4 {½-½ (30) Egenolf,D (1906)-Calvi,S (2054) Frankfurt 2014}) 11... Qc7 {[%emt 0:00:21]} ({Black should play} 11... e4 $15 12. Nd4 e3 13. fxe3 Ng4) 12. Qc2 {[%emt 0:00:30]} Qd6 {[%emt 0:00:40]} 13. Kh1 {[%emt 0:00:31]} (13. cxd5 $11 Nxd5 14. a3) 13... b5 {[%emt 0:00:20]} 14. e3 {[%emt 0:00:19]} Bb7 {[%emt 0:00:13]} 15. d4 {[%emt 0:00:36]} Ng4 {[%emt 0:00:48]} 16. Kg1 {[%emt 0:00:42]} (16. Nxe5 $11 Ndxe5 17. dxe5 Nxe5 18. Red1) 16... e4 {[%emt 0:00:10]} 17. Ng5 {[%emt 0:00:04]} Qf6 {[%emt 0:00:41] [#]} 18. f3 $2 {[%emt 0:00:26]} (18. Ngxe4 $1 $11 {[%mdl 512] and White is okay.} dxe4 19. Nxe4) 18... Qxg5 {[%emt 0:00:12]} 19. fxg4 {[%emt 0:00:04]} Qxg4 {[%emt 0:00:04]} 20. Rf1 {[%emt 0:00:16]} Rac8 {[%emt 0:00:05]} 21. Rf2 {[%emt 0:00:11]} Nf8 {[%emt 0:00:32]} 22. Rbf1 {[%emt 0:00:05]} f6 {[%emt 0:00:21]} 23. Qd1 {[%emt 0:00:22]} Qxd1 {[%emt 0:00:04]} 24. Rxd1 {[%emt 0:00:01]} Ne6 {[%emt 0:00:02]} 25. Bh3 {[%emt 0:00:11]} Rc7 {[%emt 0:00:07]} 26. Rdf1 {[%emt 0:00:11]} Ng5 {[%emt 0:00:02]} 27. Bg2 {[%emt 0:00:02]} bxc4 {[%emt 0:00:03]} 28. bxc4 {[%emt 0:00:03]} Ba6 {[%emt 0:00:02]} 29. Rc1 {[%emt 0:00:04]} Rb8 {[%emt 0:00:05]} 30. Ba3 {[%emt 0:00:04]} Rcb7 {[%emt 0:00:10]} 31. cxd5 {[%emt 0:00:07]} cxd5 {[%emt 0:00:04]} 32. Nb3 {[%emt 0:00:04]} Bc4 {[%emt 0:00:04]} ({Black should try} 32... Ne6 $17 33. Nxa5 Rb1) 33. Nc5 $2 {[%emt 0:00:10]} (33. Nxa5 $14 {is the one way to stay ahead.} Rb1 34. Nxc4 dxc4 35. Rfc2) 33... Rb1 {[%emt 0:00:09]} 34. Nd7 {[%emt 0:00:26]} (34. Rfc2 $17) 34... Rxc1+ {[%emt 0:00:04]} 35. Bxc1 {[%emt 0:00:02]} Rb1 {[%emt 0:00:03]} 36. Rc2 {[%emt 0:00:09]} Kf7 {[%emt 0:00:10]} 37. a3 {[%emt 0:00:14]} Ne6 {[%emt 0:00:12]} 38. Nc5 {[%emt 0:00:11]} Nc7 {[%emt 0:00:06]} 39. Kf2 {[%emt 0:00:08]} Nb5 {[%emt 0:00:04]} 40. a4 {[%emt 0:00:15]} Nc7 {[%emt 0:00:14]} 41. Bd2 {[%emt 0:00:11]} Ne6 {[%emt 0:00:10]} 42. Nxe6 {[%emt 0:00:05]} Kxe6 {[%emt 0:00:03]} 43. Bh3+ {[%emt 0:00:02]} Kd6 {[%emt 0:00:04]} 44. Bxa5 {[%emt 0:00:05]} Ra1 {[%emt 0:00:11]} 45. Bb4+ {[%emt 0:00:02]} Kc6 {[%emt 0:00:10]} 46. a5 {[%emt 0:00:02]} f5 {[%emt 0:00:07]} 47. g4 {[%emt 0:00:07]} fxg4 {[%emt 0:00:03]} 48. Bxg4 {[%emt 0:00:02]} h5 {[%emt 0:00:11]} (48... Bf6 $15) 49. Bh3 {[%emt 0:00:03]} (49. Be2 $11 {keeps the balance.}) 49... g5 {[%emt 0:00:03]} (49... Rb1 $17 50. Bd2 Kd6) 50. Bf5 {[%emt 0:00:04]} Rf1+ {[%emt 0:00:04]} 51. Kg2 {[%emt 0:00:08]} Rxf5 {[%emt 0:00:03]} 52. Rc1 {[%emt 0:00:12]} Rf8 {[%emt 0:00:04]} 53. Bxf8 {[%emt 0:00:03]} Bxf8 {[%emt 0:00:02]} 54. Ra1 {[%emt 0:00:04]} Kb5 {[%emt 0:00:05]} 55. a6 {[%emt 0:00:04]} Kb6 {[%emt 0:00:21]} 56. a7 {[%emt 0:00:03]} 1-0

[Event "Deutscher Jugend Online Cup 2020"]
[Site "Tornelo"]
[Date "2020.11.14"]
[Round "1.2"]
[White "Braeutigam, Katerina"]
[Black "Wilmink, Anna"]
[Result "1-0"]
[WhiteElo "1737"]
[BlackElo "1550"]
[Annotator "NA RC"]
[PlyCount "119"]
[EventDate "2020.11.13"]
[EventType "k.o."]
[SourceTitle "playchess.com"]
[Source "ChessBase"]
[SourceQuality "1"]
[TimeControl "600+3"]

1. e4 {[%emt 0:00:00]} e5 {[%emt 0:00:14]} 2. Nf3 {[%emt 0:00:06]} Nf6 {[%emt 0:00:04]} 3. Nxe5 {[%emt 0:00:07]} d6 {[%emt 0:00:05]} 4. Nf3 {[%emt 0:00:03]} Nxe4 {[%emt 0:00:05]} 5. Be2 {[%emt 0:00:12]} Nc6 {[%emt 0:00:28]} 6. O-O {[%emt 0:00:15]} g6 {[%emt 0:00:06]} 7. Re1 {[%emt 0:00:09]} Be6 {[%emt 0:00:05]} 8. Bb5 {[%emt 0:00:31]} Nf6 {[%emt 0:00:25]} 9. Nd4 {[%emt 0:00:14]} Qd7 {[%emt 0:00:20]} 10. Qf3 {[%emt 0:00:42]} Bg7 {[%emt 0:01:18]} 11. Nxc6 {[%emt 0:00:41]} O-O {[%emt 0:01:06]} 12. Nd4 {[%emt 0:01:15]} c6 {[%emt 0:00:55]} 13. Bf1 {[%emt 0:03:05]} Bg4 {[%emt 0:00:53]} 14. Qd3 {[%emt 0:00:48]} Nd5 {[%emt 0:01:39]} 15. Nc3 {[%emt 0:01:45]} Nb4 {[%emt 0:01:28]} 16. Qc4 {[%emt 0:00:24]} c5 {[%emt 0:00:21]} 17. a3 {[%emt 0:00:27]} cxd4 {[%emt 0:00:24]} 18. Qxb4 {[%emt 0:00:04]} dxc3 {[%emt 0:00:02]} 19. dxc3 {[%emt 0:00:02]} Rfe8 {[%emt 0:00:04]} 20. Bf4 {[%emt 0:00:04]} Be5 {[%emt 0:00:09]} 21. Bxe5 {[%emt 0:00:05]} dxe5 {[%emt 0:00:02]} 22. Bb5 {[%emt 0:00:04]} Qe7 {[%emt 0:00:19]} 23. Bxe8 {[%emt 0:00:02]} Qxe8 {[%emt 0:00:02]} 24. Qxb7 {[%emt 0:00:02]} Rb8 {[%emt 0:00:03]} 25. Qd5 {[%emt 0:00:02]} Rxb2 {[%emt 0:00:03]} 26. Qxe5 {[%emt 0:00:02]} Qxe5 {[%emt 0:00:03]} 27. Rxe5 {[%emt 0:00:03]} Rxc2 {[%emt 0:00:02]} 28. Rc5 {[%emt 0:00:02]} Rd2 {[%emt 0:00:05]} 29. h3 {[%emt 0:00:02]} Bf5 {[%emt 0:00:03]} 30. Rc7 {[%emt 0:00:01]} Rd8 {[%emt 0:00:05]} 31. Rxa7 {[%emt 0:00:02]} Rc8 {[%emt 0:00:01]} 32. Rc1 {[%emt 0:00:02]} Kf8 {[%emt 0:00:04]} 33. c4 {[%emt 0:00:03]} Be6 {[%emt 0:00:07]} 34. c5 {[%emt 0:00:02]} Rc6 {[%emt 0:00:08]} 35. Ra8+ {[%emt 0:00:03]} Ke7 {[%emt 0:00:07]} 36. Rb8 {[%emt 0:00:03]} Kd7 {[%emt 0:00:11]} 37. Rb6 {[%emt 0:00:03]} Rc8 {[%emt 0:00:04]} 38. c6+ {[%emt 0:00:02]} Kc7 {[%emt 0:00:02]} 39. Rb2 {[%emt 0:00:03]} Bd5 {[%emt 0:00:04]} 40. Rb7+ {[%emt 0:00:03]} Kd6 {[%emt 0:00:03]} 41. Rd7+ {[%emt 0:00:02]} Ke6 {[%emt 0:00:02]} 42. Re1+ {[%emt 0:00:08]} Kf6 {[%emt 0:00:04]} 43. Rxd5 {[%emt 0:00:02]} Rxc6 {[%emt 0:00:01]} 44. Red1 {[%emt 0:00:03]} Kg7 {[%emt 0:00:04]} 45. Ra1 {[%emt 0:00:04]} Ra6 {[%emt 0:00:02]} 46. a4 {[%emt 0:00:01]} Ra8 {[%emt 0:00:03]} 47. a5 {[%emt 0:00:02]} Ra6 {[%emt 0:00:02]} 48. Rb5 {[%emt 0:00:06]} Kf8 {[%emt 0:00:02]} 49. Rb6 {[%emt 0:00:02]} Ra8 {[%emt 0:00:03]} 50. a6 {[%emt 0:00:02]} Ke7 {[%emt 0:00:07]} 51. a7 {[%emt 0:00:02]} Kd7 {[%emt 0:00:03]} 52. Rb8 {[%emt 0:00:02]} Rxb8 {[%emt 0:00:07]} 53. axb8=Q {[%emt 0:00:04]} Kc6 {[%emt 0:00:02]} 54. Rc1+ {[%emt 0:00:03]} Kd7 {[%emt 0:00:04]} 55. Qc7+ {[%emt 0:00:03]} Ke6 {[%emt 0:00:03]} 56. Re1+ {[%emt 0:00:07]} Kd5 {[%emt 0:00:02]} 57. Re5+ {[%emt 0:00:05]} Kd4 {[%emt 0:00:04]} 58. Qc5+ {[%emt 0:00:01]} Kd3 {[%emt 0:00:03]} 59. Re3+ {[%emt 0:00:03]} Kd2 {[%emt 0:00:02]} 60. Qc3+ {[%emt 0:00:03]} 1-0

[Event "Deutscher Jugend Online Cup 2020"]
[Site "Tornelo"]
[Date "2020.11.14"]
[Round "1.2"]
[White "Buchinger, Alexis"]
[Black "B_____, L___"]
[Result "0-1"]
[WhiteElo "1496"]
[BlackElo "1508"]
[Annotator "NA RC"]
[PlyCount "118"]
[EventDate "2020.11.13"]
[EventType "k.o."]
[SourceTitle "playchess.com"]
[Source "ChessBase"]
[SourceQuality "1"]
[TimeControl "600+3"]

1. e4 {[%emt 0:00:00]} c5 {[%emt 0:00:04]} 2. Nf3 {[%emt 0:00:11]} Nc6 {[%emt 0:00:03]} 3. d4 {[%emt 0:00:06]} cxd4 {[%emt 0:00:01]} 4. Nxd4 {[%emt 0:00:03]} e6 {[%emt 0:00:03]} 5. Nb5 {[%emt 0:00:20]} d6 {[%emt 0:00:06]} 6. c4 {[%emt 0:00:40]} Nf6 {[%emt 0:00:11]} 7. N1c3 {[%emt 0:00:16]} Be7 {[%emt 0:00:15]} 8. Bf4 {[%emt 0:00:25]} e5 {[%emt 0:00:08]} 9. Bg5 {[%emt 0:00:04]} a6 {[%emt 0:00:04]} 10. Bxf6 {[%emt 0:00:28]} gxf6 {[%emt 0:00:13]} 11. Na3 {[%emt 0:00:05]} Be6 {[%emt 0:00:12]} 12. Be2 {[%emt 0:00:20]} Rc8 {[%emt 0:00:08]} 13. Nd5 {[%emt 0:00:07]} Nd4 {[%emt 0:00:17]} 14. b3 {[%emt 0:00:36]} Qa5+ {[%emt 0:00:09]} 15. b4 {[%emt 0:00:15]} Qxa3 {[%emt 0:00:16]} 16. Nxe7 {[%emt 0:00:22]} Qxb4+ {[%emt 0:00:27]} 17. Kf1 {[%emt 0:00:04]} Kxe7 {[%emt 0:00:03]} 18. Rb1 {[%emt 0:00:02]} Qc5 {[%emt 0:00:22]} 19. Rxb7+ {[%emt 0:00:04]} Rc7 {[%emt 0:00:06]} 20. Rxc7+ {[%emt 0:00:49]} Qxc7 {[%emt 0:00:04]} 21. Qc1 {[%emt 0:00:29]} Nxe2 {[%emt 0:00:03]} 22. Kxe2 {[%emt 0:00:02]} Qxc4+ {[%emt 0:00:03]} 23. Qxc4 {[%emt 0:00:36]} Bxc4+ {[%emt 0:00:02]} 24. Kd2 {[%emt 0:00:07]} Bxa2 {[%emt 0:00:15]} 25. Ra1 {[%emt 0:00:09]} Bc4 {[%emt 0:00:03]} 26. Rc1 {[%emt 0:00:02]} Bb5 {[%emt 0:02:27]} 27. Rc7+ {[%emt 0:00:05]} Kf8 {[%emt 0:00:55]} 28. h4 {[%emt 0:00:27]} Kg7 {[%emt 0:00:14]} 29. Ke3 {[%emt 0:00:36]} Ra8 {[%emt 0:00:08]} 30. Kd2 {[%emt 0:00:38]} a5 {[%emt 0:00:16]} 31. Kc1 {[%emt 0:00:32]} a4 {[%emt 0:00:19]} 32. Kb2 {[%emt 0:00:05]} a3+ {[%emt 0:00:05]} 33. Ka2 {[%emt 0:00:02]} Bd3 {[%emt 0:00:15]} 34. f3 {[%emt 0:00:06]} Bf1 {[%emt 0:00:03]} 35. g4 {[%emt 0:00:18]} Be2 {[%emt 0:00:40]} 36. Rc3 {[%emt 0:00:06]} Bb5 {[%emt 0:00:23]} 37. h5 {[%emt 0:00:26]} Kh6 {[%emt 0:00:57]} 38. Rc2 {[%emt 0:00:16]} Bd7 {[%emt 0:00:08]} 39. Rd2 {[%emt 0:00:34]} Ra6 {[%emt 0:00:11]} 40. Ka1 {[%emt 0:00:08]} Be6 {[%emt 0:00:03]} 41. Re2 {[%emt 0:00:10]} a2 {[%emt 0:00:04]} 42. Rb2 {[%emt 0:00:03]} Rc6 {[%emt 0:00:04]} 43. Rxa2 {[%emt 0:00:16]} Bxa2 {[%emt 0:00:02]} 44. Kxa2 {[%emt 0:00:01]} Rc3 {[%emt 0:00:03]} 45. Kb2 {[%emt 0:00:03]} Rxf3 {[%emt 0:00:02]} 46. Kc2 {[%emt 0:00:01]} Kg5 {[%emt 0:00:03]} 47. Kd2 {[%emt 0:00:02]} Kxg4 {[%emt 0:00:02]} 48. Ke2 {[%emt 0:00:06]} Ra3 {[%emt 0:00:04]} 49. Kd2 {[%emt 0:00:02]} Kxh5 {[%emt 0:00:02]} 50. Ke2 {[%emt 0:00:02]} Kg4 {[%emt 0:00:02]} 51. Kd2 {[%emt 0:00:02]} Kf4 {[%emt 0:00:01]} 52. Ke2 {[%emt 0:00:01]} Kxe4 {[%emt 0:00:02]} 53. Kd2 {[%emt 0:00:02]} Rg3 {[%emt 0:00:08]} 54. Ke2 {[%emt 0:00:01]} h5 {[%emt 0:00:02]} 55. Kf2 {[%emt 0:00:02]} Kf4 {[%emt 0:00:07]} 56. Ke2 {[%emt 0:00:02]} h4 {[%emt 0:00:02]} 57. Kf2 {[%emt 0:00:01]} h3 {[%emt 0:00:02]} 58. Ke2 {[%emt 0:00:01]} h2 {[%emt 0:00:02]} 59. Kf2 {[%emt 0:00:02]} h1=Q {[%emt 0:00:07]} 0-1

[Event "Deutscher Jugend Online Cup 2020"]
[Site "Tornelo"]
[Date "2020.11.14"]
[Round "1.2"]
[White "Kutz, Ida"]
[Black "Richter, Johanna"]
[Result "1-0"]
[WhiteElo "1269"]
[BlackElo "1178"]
[Annotator "NA RC"]
[PlyCount "61"]
[EventDate "2020.11.13"]
[EventType "k.o."]
[SourceTitle "playchess.com"]
[Source "ChessBase"]
[SourceQuality "1"]
[TimeControl "600+3"]

1. c4 {[%emt 0:00:00]} Nf6 {[%emt 0:00:06]} 2. Nc3 {[%emt 0:00:09]} g6 {[%emt 0:00:03]} 3. Nf3 {[%emt 0:00:07]} Bg7 {[%emt 0:00:07]} 4. g3 {[%emt 0:00:02]} O-O {[%emt 0:00:10]} 5. Bg2 {[%emt 0:00:03]} d6 {[%emt 0:00:03]} 6. O-O {[%emt 0:00:04]} e5 {[%emt 0:00:04]} 7. d4 {[%emt 0:00:33]} Nfd7 {[%emt 0:00:47]} 8. Bg5 {[%emt 0:00:23]} Qe8 {[%emt 0:00:49]} 9. Nd5 {[%emt 0:00:50]} Na6 {[%emt 0:00:28]} 10. b4 {[%emt 0:00:21]} c6 {[%emt 0:00:16]} 11. Ne7+ {[%emt 0:00:40]} Kh8 {[%emt 0:00:24]} 12. Rb1 {[%emt 0:01:14]} f6 {[%emt 0:00:25]} 13. Nxc8 {[%emt 0:00:12]} Rxc8 {[%emt 0:00:46]} 14. Bc1 {[%emt 0:00:32]} f5 {[%emt 0:00:37]} 15. dxe5 {[%emt 0:01:15]} dxe5 {[%emt 0:00:11]} 16. Ba3 {[%emt 0:00:05]} b5 {[%emt 0:00:42]} 17. cxb5 {[%emt 0:00:21]} cxb5 {[%emt 0:00:05]} 18. Ng5 {[%emt 0:00:33]} Bf6 {[%emt 0:00:38]} 19. h4 {[%emt 0:00:17]} f4 {[%emt 0:00:18]} 20. Bb7 {[%emt 0:00:07]} Rd8 {[%emt 0:00:32]} 21. Qb3 {[%emt 0:00:26]} Bxg5 {[%emt 0:01:24]} 22. hxg5 {[%emt 0:00:17]} Nc7 {[%emt 0:00:19]} 23. gxf4 {[%emt 0:00:08]} Rxf4 {[%emt 0:00:08]} 24. e3 {[%emt 0:00:15]} Rg4+ {[%emt 0:00:05]} 25. Bg2 {[%emt 0:00:02]} Rxg5 {[%emt 0:00:15]} 26. f4 {[%emt 0:00:33]} Rg4 {[%emt 0:01:01]} 27. Qd1 {[%emt 0:00:38]} Qe6 {[%emt 0:00:24]} 28. fxe5 {[%emt 0:00:21]} Nxe5 {[%emt 0:00:04]} 29. Qxd8+ {[%emt 0:00:06]} Qe8 {[%emt 0:00:05]} 30. Rf8+ {[%emt 0:00:10]} Qxf8 {[%emt 0:00:03]} 31. Qxf8# {[%emt 0:00:02]} 1-0

[Event "Deutscher Jugend Online Cup 2020"]
[Site "Tornelo"]
[Date "2020.11.14"]
[Round "1.3"]
[White "Bui, Bao Anh Le"]
[Black "Eilenberg, Jonas"]
[Result "1/2-1/2"]
[WhiteElo "2179"]
[BlackElo "2155"]
[Annotator "TA"]
[PlyCount "151"]
[EventDate "2020.11.13"]
[EventType "k.o."]
[SourceTitle "playchess.com"]
[Source "ChessBase"]
[SourceQuality "1"]

{[%evp 24,150,4,-26,-24,-31,-19,-19,-22,-24,2,0,17,25,65,31,6,0,34,-32,-30,-29,-35,-29,-43,-44,-30,-43,-44,-42,-48,-52,-47,-70,-56,-62,-62,-66,-24,-14,-30,-39,0,-32,-27,-72,-26,-45,-29,-37,0,-7,281,256,259,147,228,234,234,234,200,229,225,218,240,240,360,317,781,782,875,912,1398,1429,2429,2395,2181,1671,1245,712,6064,5539,29964,6604,6203,2357,5193,552,29962,29964,29983,29984,29982,8,29981,29982,29983,29984,29984,29985,29985,29986,29986,29987,29988,29986,29986,29987,29987,29988,29989,0,29987,0,29989,29990,29991,29985,29993,29994,29994,8,8,0,8,8,8,8,8]} 1. e4 c5 2. Nf3 Nc6 3. d4 cxd4 4. Nxd4 Nf6 5. Nc3 e5 6. Ndb5 d6 7. Nd5 Nxd5 8. exd5 Nb8 9. c4 Be7 10. Bd3 a6 11. Nc3 O-O 12. O-O f5 13. f4 Nd7 {B33: Sicilian: Pelikan and Sveshnikov Variations.} 14. Kh1 g6 15. Be3 Bf6 16. Rc1 Bg7 {[#]} 17. b4 $146 ({Predecessor:} 17. a3 Nf6 18. Be2 Ng4 19. Bxg4 fxg4 20. b4 Qh4 21. g3 Qe7 22. c5 exf4 23. Bxf4 {1-0 (41) Milenkovic,M (2341)-Bajt,I (2196) Ljubljana 2009}) 17... exf4 18. Bxf4 Be5 19. Ne2 (19. c5 $5) 19... b6 20. Bb1 Re8 21. Nd4 (21. Qd2 $14) 21... Bxf4 $15 22. Rxf4 Ne5 23. Qd2 Bd7 24. a3 Qg5 25. g3 Rac8 26. Ba2 Qf6 27. Rff1 Kg7 28. Ne6+ Bxe6 29. dxe6 Rcd8 30. Rfd1 Ng4 (30... Qxe6 $6 31. c5 $14) 31. h3 Ne5 32. Qg2 Qg5 (32... Qxe6 $6 33. c5 $16) 33. a4 Qe3 ({Of course not} 33... Rxe6 $6 34. c5 $16) 34. Re1 Qf3 {Threatens to win with ...Qxg2+.} (34... Qd4 $5 {[%cal Re5d3]} 35. Rb1 Qc3 $15) 35. Re2 Qxg2+ 36. Kxg2 Rc8 ({Don't play} 36... Rxe6 $6 37. c5 $16) 37. Rd1 Rc6 $2 {[%mdl 8192]} ({Wrong is} 37... Rxe6 $2 38. c5 $1 $18 {[%mdl 512]}) (37... Nxc4 $11 {and Black is okay.} 38. a5 bxa5) 38. b5 $18 axb5 39. axb5 (39. cxb5 $18 Rc3 40. Rxd6) 39... Rc7 (39... Rc5 $16) 40. Rxd6 Nxc4 {[#]} 41. Rc6 $1 {[%cal Rc6c7]} Rxc6 42. bxc6 {[%mdl 4096] Endgame KRB-KRN} Nd6 43. Rd2 Nc8 44. Rd7+ Kf6 (44... Re7 $142 45. Kf2 Kf6) 45. Rxh7 Ne7 $2 (45... Re7 46. Rf7+ Ke5) 46. c7 {And now Rf7+ would win.} Nc8 47. Rd7 b5 48. Rd8 Ke7 49. Rxe8+ Kxe8 {KB-KN} 50. Kf3 Ke7 51. Kf4 {Hoping for Kg5.} Nd6 52. Ke5 b4 53. Kd5 (53. h4 $142 Nc8 54. Kd5 Kf8 55. Kc6 Ke7 56. Kc5 Kf8 57. Kxb4 Ke7 58. Kc5) 53... Nc8 54. Kc5 (54. h4 $142 Na7 55. Kc5) 54... Na7 55. Kxb4 (55. h4 $142 Nc8 56. Bd5) 55... g5 56. Kc5 f4 57. gxf4 gxf4 58. Kd4 $2 (58. Bd5 Kf8 59. h4 Ke7 60. h5 Kf8 61. h6 Nc8 62. h7 Kg7 63. Bb7) 58... Nc8 $2 {[%mdl 8192]} (58... Nb5+ $11 59. Ke5 Nxc7) 59. Ke4 Kd6 60. Kxf4 Kxc7 61. h4 {Cut Off at move 61} Kd6 62. Kg5 Ke7 63. h5 Kf8 64. Kf6 Ne7 65. h6 Ng8+ 66. Kg5 Ne7 67. Kf6 Ng8+ 68. Kg5 Ne7 $1 69. Bc4 Kg8 70. Bd3 Nc6 71. Kf6 Kh8 72. Kf7 $2 (72. Be4 {mates} Nb8 73. e7 Nd7+ 74. Kf7 Ne5+ 75. Ke6 Ng6 76. Bxg6 Kg8 77. e8=Q#) 72... Nd8+ $11 {The position is equal.} 73. Kf6 {White wants to mate with e7.} Nxe6 74. Kxe6 Kg8 75. h7+ Kh8 76. Kf7 {Weighted Error Value: White=0.52/Black=0.82} 1/2-1/2

[Event "Deutscher Jugend Online Cup 2020"]
[Site "Tornelo"]
[Date "2020.11.14"]
[Round "1.3"]
[White "Voigt, Anastasia"]
[Black "Zhou, Lepu Coco"]
[Result "0-1"]
[WhiteElo "1738"]
[BlackElo "1882"]
[Annotator "NA RC"]
[PlyCount "70"]
[EventDate "2020.11.13"]
[EventType "k.o."]
[SourceTitle "playchess.com"]
[Source "ChessBase"]
[SourceQuality "1"]
[TimeControl "600+3"]

1. e4 {[%emt 0:00:00]} e5 {[%emt 0:00:07]} 2. Nf3 {[%emt 0:00:04]} Nc6 {[%emt 0:00:02]} 3. Bc4 {[%emt 0:00:03]} Nf6 {[%emt 0:00:05]} 4. d3 {[%emt 0:00:03]} Be7 {[%emt 0:00:04]} 5. O-O {[%emt 0:00:02]} O-O {[%emt 0:00:05]} 6. Re1 {[%emt 0:00:11]} d6 {[%emt 0:00:09]} 7. a4 {[%emt 0:00:06]} Be6 {[%emt 0:00:06]} 8. a5 {[%emt 0:00:19]} a6 {[%emt 0:00:34]} 9. h3 {[%emt 0:01:01]} Qd7 {[%emt 0:01:08]} 10. Ng5 {[%emt 0:01:11]} d5 {[%emt 0:01:25]} 11. Nxe6 {[%emt 0:01:41]} ({White should try} 11. Bb3 $11) 11... fxe6 {[%emt 0:00:05]} 12. exd5 {[%emt 0:00:12]} exd5 {[%emt 0:00:03]} 13. Bb3 {[%emt 0:00:12]} Kh8 {[%emt 0:01:04]} 14. c3 {[%emt 0:00:53]} Bc5 {[%emt 0:00:36]} 15. Be3 {[%emt 0:01:06]} d4 {[%emt 0:00:36]} 16. cxd4 $1 {[%emt 0:00:12]} Nxd4 {[%emt 0:01:06]} 17. Bc4 {[%emt 0:00:39]} Nd5 {[%emt 0:00:56]} 18. Nc3 {[%emt 0:00:50]} (18. Bxd5 $11 {was the only way to keep the balance.} Qxd5 19. Ra4) 18... Nxe3 {[%emt 0:00:20]} 19. fxe3 {[%emt 0:00:03]} Nf5 {[%emt 0:00:50] Discovered Attack} 20. Nd5 $19 {[%emt 0:00:22]} (20. Qd2 $17 {keeps fighting.}) 20... c6 {[%emt 0:00:44]} 21. Nb6 {[%emt 0:00:03]} Bxb6 {[%emt 0:00:02]} 22. axb6 {[%emt 0:00:03]} Qd8 {[%emt 0:00:18]} 23. Qb3 {[%emt 0:00:13]} Qg5 {[%emt 0:00:02]} 24. e4 {[%emt 0:00:58]} Ne3 {[%emt 0:00:31]} 25. Re2 {[%emt 0:00:12]} Nxc4 {[%emt 0:00:04]} 26. dxc4 {[%emt 0:00:03]} Rad8 {[%emt 0:00:02]} 27. Rae1 {[%emt 0:00:05]} Rd2 {[%emt 0:00:03]} 28. Rxd2 {[%emt 0:00:05]} Qxd2 {[%emt 0:00:02]} 29. Rf1 {[%emt 0:00:07]} Qd4+ {[%emt 0:00:04]} 30. Kh2 {[%emt 0:00:12]} Rxf1 {[%emt 0:00:02]} 31. Qc2 {[%emt 0:00:03]} Qg1+ {[%emt 0:00:06]} 32. Kg3 {[%emt 0:00:04]} Qe3+ {[%emt 0:00:01]} 33. Kh2 {[%emt 0:00:04]} Qf4+ {[%emt 0:00:02]} 34. g3 {[%emt 0:00:05]} Rf2+ {[%emt 0:00:01]} 35. Qxf2 {[%emt 0:00:06]} Qxf2+ {[%emt 0:00:01]} 0-1

[Event "Deutscher Jugend Online Cup 2020"]
[Site "Tornelo"]
[Date "2020.11.14"]
[Round "1.3"]
[White "S___, T__"]
[Black "Costa, Leonardo"]
[Result "0-1"]
[WhiteElo "1729"]
[BlackElo "2165"]
[Annotator "TA"]
[PlyCount "42"]
[EventDate "2020.11.13"]
[EventType "k.o."]
[SourceTitle "playchess.com"]
[Source "ChessBase"]
[SourceQuality "1"]

{[%evp 14,42,-10,-11,4,-4,0,-10,0,-22,51,4,33,39,86,68,94,88,135,87,78,61,68,0,23,22,40,29,17,30,35]} 1. Nf3 Nf6 2. g3 g6 3. Bg2 Bg7 4. O-O O-O 5. d3 d6 6. e4 c5 7. c3 Nc6 8. Qe2 Bd7 {A05: Réti Opening: 1 Nf3 Nf6.} 9. Nbd2 Rb8 {[#]} 10. a3 $146 ({Predecessor:} 10. d4 Qc7 11. d5 Nd8 12. b3 Bg4 13. Bb2 Nd7 14. h3 Bxf3 15. Nxf3 b5 16. c4 Bxb2 17. Qxb2 bxc4 {0-1 (44) Dobai,S-Benedek,Z (2140) Aggtelek 1997}) 10... b5 {The position is equal.} 11. d4 Qc7 (11... Qb6 $11) 12. b4 cxd4 13. cxd4 a5 {[#]} 14. d5 $1 {[%cal Rd5c6]} Na7 {[%cal Bc6a7,Ba7c8,Bc8b6][%mdl 32] Threatening ...Nxd5!} 15. Bb2 Nc8 16. Rac1 Qa7 17. Bd4 Nb6 18. Rc2 (18. Nb3 $14 axb4 19. axb4) 18... Qa6 19. Rfc1 Rfc8 20. Rxc8+ Rxc8 21. Rxc8+ Bxc8 {[%mdl 32768] Weighted Error Value: White=0.19/Black=0.29. Loss on time!?} 0-1